Central Library OPAC University of Rajshahi

De Lee's obstetrics for nurses / (Record no. 74698)

MARC details
000 -LEADER
fixed length control field 00740nam a2200253 4500
001 - CONTROL NUMBER
control field 74698
003 - CONTROL NUMBER IDENTIFIER
rucl marc code BD-RjUL
005 - DATE AND TIME OF LATEST TRANSACTION
control field 20211209082605.0
008 - FIXED-LENGTH DATA ELEMENTS--GENERAL INFORMATION
fixed length control field 181120s1966 e p|||| |||| 00| 0 eng d
035 ## - SYSTEM CONTROL NUMBER
System control number (BD-RjUL) 74916
040 ## - CATALOGING SOURCE
Original cataloging agency BD-RjUL
Language of cataloging eng
Transcribing agency BD-RjUL
041 ## - LANGUAGE CODE
Language code of text/sound track or separate title eng
082 ## - DEWEY DECIMAL CLASSIFICATION NUMBER
Edition number 23
Classification number 618.2
Author mark and year DAD 1966
100 ## - MAIN ENTRY--PERSONAL NAME
Personal name Davis, M. Edward
9 (RLIN) 225124
245 ## - TITLE STATEMENT
Title De Lee's obstetrics for nurses /
Statement of responsibility, etc. M. Edward Davis and Reva Rubin.
250 ## - EDITION STATEMENT
Edition statement 18th ed.
260 ## - PUBLICATION, DISTRIBUTION, ETC. (IMPRINT)
Place of publication, distribution, etc. Philadelphia ;
-- London :
Name of publisher, distributor, etc. Saunders,
Date of publication, distribution, etc. ©1966.
300 ## - PHYSICAL DESCRIPTION
Pagination 535 p. :
Illustrations illus. ;
Size 26 cm.
650 ## - SUBJECT ADDED ENTRY--TOPICAL TERM
Topical term or geographic name as entry element Obstetrics.
9 (RLIN) 225125
Topical term or geographic name as entry element Pregnancy.
9 (RLIN) 225126
Topical term or geographic name as entry element Infants
General subdivision Care nd hygiene.
9 (RLIN) 225127
700 ## - ADDED ENTRY--PERSONAL NAME
Personal name Rubin, Reva.
942 ## - ADDED ENTRY ELEMENTS (KOHA)
Source of classification or shelving scheme Dewey Decimal Classification
Koha item type Books
Holdings
Lost status Source of classification or shelving scheme Damaged status Not for loan Collection code Permanent Location Current Location Shelving location Date acquired Total Checkouts Full call number Date last seen Copy number Koha item type
  Dewey Decimal Classification   Not For Loan Non-fiction Central Library, University of Rajshahi Central Library, University of Rajshahi Reading Room 29/01/1991   618.2 DAD 1966 20/11/2018 C-1 Books